000 00523nam a2200217Ia 4500
003 GCL
008 140319s9999 xx 000 0 eng d
040 _aGCL /
_cGCL
082 0 4 _aCC
_b932
_bD M
100 1 _aDIFFUSION, MERCURE
245 1 0 _aMERVEILLEUSE EGYPTE /
_cDIFFUSION, MERCURE
260 _a[S.N] :
_bEDITIONS PRINCESSE ،
_c1987
300 _a154
650 0 4 _aEGYPT
650 0 4 _aANCIENT EGYPT
650 0 4 _aSINAI
650 0 4 _aTHEBES
650 0 4 _aKARNAK
650 0 4 _aTOUTANKHAMON
942 _2ddc
_cBK
999 _c25505
_d25505